Flowers growing in the shadow stories of the second generation born after the Holocaust in Southwest Transdanubia : an unconventional review of Iván Zádori's "Második" monograph on Judaica culture and history /

Iván Zádori’s book traces the life‐histories and memories of nearly sixty members of Southwest Transdanubia’s Jewish second generation—those born between 1945 and 1965 to Holocaust survivors. Using an oral‐history approach, the book reveals how these “children of survivors” negotiated Jewish identit...

Teljes leírás

Elmentve itt :
Bibliográfiai részletek
Szerzők: Nemeskéri Zsolt
Nagy Gábor Dániel
További közreműködők: Zádori Iván
Dokumentumtípus: Cikk
Megjelent: Belvedere Meridionale Szeged 2025
Sorozat:Belvedere Meridionale 37 No. 1
Kulcsszavak:Zsidók - Magyarország - 20. sz. - interjú - könyvismertetés, Zsidók története - Magyarország - 20. sz. - visszaemlékezés - könyvismertetés
Tárgyszavak:
doi:10.14232/belv.2025.1.13

Online Access:http://acta.bibl.u-szeged.hu/88153
LEADER 02061nab a2200253 i 4500
001 acta88153
005 20250626134642.0
008 250626s2025 hu o 000 eng d
022 |a 2064-5929 
024 7 |a 10.14232/belv.2025.1.13  |2 doi 
040 |a SZTE Egyetemi Kiadványok Repozitórium  |b hun 
041 |a eng 
100 1 |a Nemeskéri Zsolt 
245 1 0 |a Flowers growing in the shadow  |h [elektronikus dokumentum] :  |b stories of the second generation born after the Holocaust in Southwest Transdanubia : an unconventional review of Iván Zádori's "Második" monograph on Judaica culture and history /  |c  Nemeskéri Zsolt 
260 |a Belvedere Meridionale  |b Szeged  |c 2025 
300 |a 189-193 
490 0 |a Belvedere Meridionale  |v 37 No. 1 
520 3 |a Iván Zádori’s book traces the life‐histories and memories of nearly sixty members of Southwest Transdanubia’s Jewish second generation—those born between 1945 and 1965 to Holocaust survivors. Using an oral‐history approach, the book reveals how these “children of survivors” negotiated Jewish identity, community life, and the legacies of trauma in postwar rural Hungary. Spanning childhood through to the present, Zádori interweaves personal narratives with regional history, highlighting both the singularity of Transdanubian experience and its resonance with broader debates on memory, identity, and intergenerational trauma. This review situates Második within national and international Holocaust scholarship, underscoring its methodological rigor, narrative richness, and contribution to understanding how memory and identity are co‐constructed across generations. 
650 4 |a Bölcsészettudományok 
650 4 |a Történettudomány és régészet 
695 |a Zsidók - Magyarország - 20. sz. - interjú - könyvismertetés, Zsidók története - Magyarország - 20. sz. - visszaemlékezés - könyvismertetés 
700 0 1 |a Zádori Iván 
700 0 1 |a Nagy Gábor Dániel  |e aut 
856 4 0 |u http://acta.bibl.u-szeged.hu/88153/1/belvedere_2025_001_189-193.pdf  |z Dokumentum-elérés